000 00796nas a2200265 4500
001 BR7101066
003 BR-BrBNA
005 20231205082340.0
007 ta
008 230509b bl.|||p| |||| 00| 00por d
040 _aBR-BrBNA
_bpor
_cBiblioteca Nacional de Agricultura
041 _a(Pt)
072 _aE50
100 1 _aSalvia, F. la
100 1 _aHandschunch, S.B.
245 1 _aContribuicao a metodologia do estudo do habitat rural - Bage (Rio Grande do Sul)[Brasil]
650 _aCOMUNIDADE RURAL
650 _aPESQUISA SOCIAL
650 _aHABITACAO
650 _aBAGE
650 _aRIO GRANDE DO SUL
773 0 _tBoletim Geografico do Rio Grande do Sul (Brazil)
_x
_g(1971), v. 16(14) p. 20-33
_wBR7101066
909 _a202311
_bLúcia
_c55
_dLúcia Elande
942 _2AGRIS
_n0
_cANA
999 _c91085
_d91085